000
00317 a2200157 4500
001
190761
020
_a
85-7340-379-9
040
_c
Magnum
100
_a
Queiroz, Rachel de
240
1
0
_a
Andira
_l
por
245
1
0
_a
Andira
300
_a
43
362
0
_a
2004
697
_a
LITERATURA INFANTO-JUVENIL
942
_c
BK
999
_c
190761
_d
190761